1360 1942 1932 1208 1995 1704 1879 1826 1630 1683 1168 1345 1314 1521 1995 1275 1112 1222 1736 1354 1765 1163 1715 1384 1998 1310 1899 1868 1419 1137 1322 1768 1628 1478 1419 1094 1891 1829 1246 1951 1279 1410 1917 1389 1667 1749 1939 1424 1505 1932 1734 1109 1283 1230 1150 1774 1442 1606 1462 1694 1523 1117 1960 1028 1442 1389 1986 1801 1436 1798 1212 1015 1756 1012 1618 1345 1150 1602 1003 1574 1591 1622 1463 1845 1453 1486 1214 1320 1123 1187 1039 1883 1995 1299 1115 1444 1838 1282 1488 BCNSPRNW ULIB Ver.6.0+V

เปลี่ยนเป็นภาษาไทย

Change to English
 แสดงรายละเอียดบรรณานุกรม
  กลับหน้าหลัก

Brief Record : Get Marc (ISO 2709) : E-mail record : QR code < ปิดหน้าต่าง
LEADER : 00000nam 2200000uu 4500
001    13399121197
003     ULIB
008    121108s2549||||th 000 0 tha d
099    นว.^bม551ค
100 0   มิเกล์ เด เซร์บันเตส ซาเบดฺร้า
245 00 ดอนกิโฆเต้ แห่งลามันช่า ขุนนางต่ำศักดิ์นักฝัน ^cเขียนโดย มิเกล์ เด เซร์บันเตส ซาเบดฺร้า ; รูปประกอบโดย, กุสตาฟ ดอเร่
260    กรุงเทพฯ:^cโรงพิมพ์สุภา,^c2549
945    ^p0^l0^i020997
999    ^aทศพร
รายการนี้ยังไม่มีแท็ก
คุณยังไม่ได้ล็อกอิน คุณสามารถมีกิจกรรมร่วมกับเว็บไซต์ได้ แต่ต้องล็อกอินก่อน ::
  ล็อกอิน

รายการสื่อสารสนเทศ

ลำดับที่ ประเภท เลขเรียก/บาร์โค้ด สถานที่ สถานะ
1. วิทยาศาสตร์การแพทย์ และสุขภาพ
วิทยาศาสตร์การแพทย์ และสุขภาพ
นว. ม551ค  
  Barcode: 020997
ห้องสมุดวิทยาเขตสวรรค์ประชารักษ์
►หนังสือทั่วไป
บนชั้น

BibComment


ยังไม่เคยถูกคอมเมนท์

คอมเมนท์ทรัพยากรรายการนี้
  คอมเมนท์: ดอนกิโฆเต้ แห่งลา..


 Copyright 2026. Bcnsprnw @Library